000 00330nam a22001217a 4500
999 _c4975
_d4975
008 250428b ||||| |||| 00| 0 eng d
020 _a9781250801913
082 _a741.5 GRE
100 _aGREEN,JOHN PATRICK
_eAUTHOR
245 _aKITTEN CINSTRUCTION COMPANY
260 _a120 BROADWAY,NEW YORK,NY 10271
_bFIRST SECOND
942 _2ddc